000 00446nam a22001697a 4500
003 NUST - PNEC
005 20170116180907.0
008 150902b xxu||||| |||| 00| 0 eng d
020 _a0534029574
040 _cLIBRARY
082 _a620.11 ASK
100 _96737
_aAskeland, Donald R.
245 _aThe science and engineering of materials
_cDonald R. Askeland
260 _cc.1984
650 _96743
_aMaterial Science
_xME
942 _2ddc
_cBK
999 _c65134
_d65134